000 00988nam a2200265 i 4500
001 17495
003 ES-MaACL
005 20250728062558.0
007 t|
008 010319s2000 sp ||||1| spa d
020 _a84-95240-12-2
080 _a347.256(4)
100 1 _aIglesia Monje, María Isabel de la.
_965069
245 1 3 _aEl derecho de superficie
_b: aspectos civiles y registrales /
_cMaría Isabel de la Iglesia Monje.
250 _a2ª ed.
260 _a[Madrid] :
_bCentro de Estudios Registrales,
_c[2000]
300 _a486 p. ;
_c23 cm.
490 1 _aMonografías
650 1 4 _aDerecho de superficie-
_zEuropa.
_911699
710 2 _aColegio de Registradores de la Propiedad y Mercantiles de España.
_bCentro de Estudios Registrales.
_9162314
730 0 _aMonografías (Centro de Estudios Registrales)
_9179814
830 0 0 _aMonografías (Centro de Estudios Benaventanos "Ledo del Pozo")
_9177262
852 _aES-MaACL
_jL-24314
_bR.129032
999 _c17495
_d17495